| 000 | 00494nam a22001817a 4500 | ||
|---|---|---|---|
| 003 | CEME | ||
| 005 | 20210628203232.0 | ||
| 008 | 210302b xxu||||| |||| 00| 0 eng d | ||
| 020 | _a0-415-28802-9 | ||
| 040 | _c. | ||
| 082 | _a355.02 HIR | ||
| 100 |
_aHiro, Dilip _964174 |
||
| 245 | _aWar without end, the rise of islamist terrorism and global response | ||
| 260 |
_aNEW YORK _bROUTLEDGE _c2002 |
||
| 300 | _aXXX,513P | ||
| 650 |
_aTERRORISM AND GLOBAL RESPONSE _964175 |
||
| 942 |
_cBK _2ddc |
||
| 999 |
_c572765 _d572765 |
||